000
00322nam a2200133Ia 4500
005
20251222144722.0
008
251222s9999||||xx |||||||||||||| ||spa||
020
_a
958-653-003-5
082
_a
658.83/N86
100
_a
Negandhi, Anant R.
245
0
_a
Mercado Estratégico Internacional
264
_b
Legis
942
_c
LIB
999
_c
18258
_d
18258